| 000 | 00615nam a2200241 a 4500 | ||
|---|---|---|---|
| 001 | nice12345678 | ||
| 003 | IN_TiNIC | ||
| 005 | 20260116011406.0 | ||
| 008 | 050524s1966 dela grp 000 0 eng | ||
| 020 |
_a _c25 |
||
| 082 | 0 | 0 |
_a305.8095483 _bSHA |
| 100 | _aSharma, Brij Narain | ||
| 245 | _aSocial Life in Northern India A.D. 600-1000 | ||
| 260 |
_aDelhi _bMunshiram Manoharlal Pub _c1966 |
||
| 300 | _a390p | ||
| 500 | _aincludes index and biblioraphy | ||
| 505 | 2 | _aIndex | |
| 650 | _aIndia-Social Conditions | ||
| 700 | 1 | _aSharma, Brij Narain | |
| 902 | _bSRS | ||
| 942 | _cBK | ||
| 999 |
_c1115 _d1115 |
||